| 000 | 00626nam a2200241Ia 4500 | ||
|---|---|---|---|
| 003 | OSt | ||
| 005 | 20221006144108.0 | ||
| 006 | a|||||r|||| 00| 0 | ||
| 007 | ta | ||
| 008 | 221006b |||||||| |||| 00| 0 eng d | ||
| 020 | _cP55.00 | ||
| 024 | _a10,858 | ||
| 037 | _cTextual | ||
| 040 |
_aEASL _cEASL _beng |
||
| 041 |
_2eng _aeng |
||
| 082 | _aNA42,N3, P2 | ||
| 100 |
_aWASWO Ann _9138377 |
||
| 245 | 0 |
_aHousing in postwar Japan _b A social history |
|
| 260 |
_aLondon _bRoutledge Curzon _c2002 |
||
| 300 |
_a145p. _ccm. |
||
| 942 |
_hNA42,N3, P2 _cTEXL _2CC |
||
| 999 |
_c1078944 _d1078944 |
||